[Event "Steinfurt Bezirksklasse 1213"]
[Site "Germany"]
[Date "2013.03.23"]
[Round "7.2"]
[White "Koch, Hermann"]
[Black "Ottens, Josef"]
[Result "0-1"]
[WhiteElo "1262"]
[BlackElo "1407"]
[PlyCount "64"]
[EventDate "2012.09.29"]
[EventType "team-tourn"]
[EventRounds "9"]
[EventCountry "GER"]
[SourceTitle "EXT 2015"]
[Source "ChessBase"]
[SourceDate "2014.11.20"]
[SourceVersion "1"]
[SourceVersionDate "2014.11.20"]
[SourceQuality "1"]
[WhiteTeam "Westerkappeln II"]
[BlackTeam "Steinfurt IV"]
[WhiteTeamCountry "GER"]
[BlackTeamCountry "GER"]

1. e4 e5 2. Nf3 Nc6 3. Bb5 Bc5 4. Bxc6 dxc6 5. 0-0 Bg4 6. d3 h6 7. Nbd2 b5 8. Qe1 Bd6 9. b3 Ne7 10. Bb2 Ng6 11. Rc1 Qe7 12. h3 Bd7 13. d4 f6 14. dxe5 fxe5 15. c4 0-0 16. Rc2 Bb4 17. Qc1 Bxd2 18. Rxd2 Bxh3 19. Rfd1 Rxf3 20. Rd7 Bxd7 21. gxf3 Nf4 22. Kf1 Bh3+ 23. Ke1 Qg5 24. Kd2 Rd8+ 25. Kc2 Rxd1 26. Qxd1 Ne6 27. Bc1 Qf6 28. Kb1 Bg2 29. Bb2 Nd4 30. Qd3 Qxf3 31. Qe3 Qd1+ 32. Qc1 Bxe4+ 0-1

[Event "Steinfurt Bezirksklasse 1112"]
[Site "Germany"]
[Date "2012.02.25"]
[Round "6.3"]
[White "Ottens, Josef"]
[Black "Krampe, Jennifer"]
[Result "0-1"]
[WhiteElo "1452"]
[BlackElo "1409"]
[PlyCount "60"]
[EventDate "2011.09.24"]
[EventType "team-tourn"]
[EventRounds "9"]
[EventCountry "GER"]
[SourceTitle "EXT 2013"]
[Source "ChessBase"]
[SourceDate "2012.11.22"]
[SourceVersion "1"]
[SourceVersionDate "2012.11.22"]
[SourceQuality "1"]
[WhiteTeam "Steinfurt IV"]
[BlackTeam "Emsdetten Turm IV"]
[WhiteTeamCountry "GER"]
[BlackTeamCountry "GER"]

1. c4 e5 2. Nc3 Nf6 3. g3 c6 4. Bg2 d5 5. cxd5 cxd5 6. d3 Be6 7. a3 Nc6 8. e3 Rc8 9. Nf3 h6 10. 0-0 Be7 11. h3 0-0 12. Bd2 Qd7 13. Kh2 Nh7 14. Qe2 Bf6 15. Ng1 b6 16. f4 d4 17. Bxc6 Rxc6 18. Ne4 Rc2 19. Nxf6+ Nxf6 20. fxe5 dxe3 21. Qxe3 Nd5 22. Qe2 Rxb2 23. Rfb1 Nc3 24. Qe1 Nxb1 25. Rxb1 Rc2 26. Qe3 Rd8 27. d4 Qxd4 28. Qxd4 Rxd4 29. Nf3 Rdxd2+ 30. Nxd2 Rxd2+ 0-1

[Event "Steinfurt Bezirksliga 0405"]
[Site "Germany"]
[Date "2004.12.11"]
[Round "4.7"]
[White "Hiller, Simon"]
[Black "Ottens, Josef"]
[Result "1/2-1/2"]
[WhiteElo "1245"]
[BlackElo "1507"]
[PlyCount "49"]
[EventDate "2004.09.25"]
[EventType "team-tourn"]
[EventRounds "11"]
[EventCountry "GER"]
[SourceTitle "EXT 2006"]
[Source "ChessBase"]
[SourceDate "2005.11.24"]
[SourceVersion "1"]
[SourceVersionDate "2005.11.24"]
[SourceQuality "1"]
[WhiteTeam "Saerbeck III"]
[BlackTeam "Steinfurt II"]
[WhiteTeamCountry "GER"]
[BlackTeamCountry "GER"]

1. e4 e5 2. Ne2 Nf6 3. f4 Nc6 4. Nbc3 d6 5. d4 exd4 6. Nxd4 Nxd4 7. Qxd4 c5 8. Qa4+ Bd7 9. Bb5 a6 10. Bxd7+ Nxd7 11. Qb3 b5 12. Nd5 Nb6 13. Nxb6 Qxb6 14. 0-0 c4+ 15. Qe3 Qxe3+ 16. Bxe3 Be7 17. Bd4 0-0 18. f5 f6 19. Rad1 Rfe8 20. Kf2 Bf8 21. Kf3 Rac8 22. Bc3 Rc6 23. Rd5 Rb8 24. a3 Rbc8 25. Rfd1 1/2-1/2

[Event "Steinfurt Bezirksliga 0304"]
[Site "Germany"]
[Date "2003.10.18"]
[Round "1.5"]
[White "Sieker, Hans"]
[Black "Ottens, Josef"]
[Result "1-0"]
[WhiteElo "1572"]
[BlackElo "1520"]
[PlyCount "50"]
[EventDate "2003.10.18"]
[EventType "team-tourn"]
[EventRounds "9"]
[EventCountry "GER"]
[SourceTitle "EXT 2005"]
[Source "ChessBase"]
[SourceDate "2004.11.15"]
[SourceVersion "1"]
[SourceVersionDate "2004.11.15"]
[SourceQuality "1"]
[WhiteTeam "Rheine Klein Berlin II"]
[BlackTeam "Steinfurt II"]
[WhiteTeamCountry "GER"]
[BlackTeamCountry "GER"]

1. d4 Nf6 2. c4 c6 3. Nc3 g6 4. e4 d6 5. Be2 Bg7 6. f4 e6 7. e5 dxe5 8. fxe5 Nfd7 9. Nf3 0-0 10. 0-0 b6 11. b3 Bb7 12. Ne4 c5 13. Nd6 Qc7 14. Ng5 Nxe5 15. Nxb7 Nec6 16. Rb1 Bxd4+ 17. Kh1 Qxb7 18. Bf3 Nd7 19. Bb2 e5 20. Bd5 Kg7 21. Qf3 Rac8 22. Nxf7 Qc7 23. Qh3 h5 24. Bxd4 Nxd4 25. Qe3 Nf5 1-0